| 000 | 02284cam a22005058i 4500 | ||
|---|---|---|---|
| 999 |
_c649 _d649 |
||
| 001 | 928488496 | ||
| 003 | OCoLC | ||
| 005 | 20190910130750.0 | ||
| 008 | 151221t20162007nyu d 000 1 eng | ||
| 010 | _a 2015034428 | ||
| 020 | _a9781842556375 | ||
| 035 | _a(OCoLC)928488496 | ||
| 040 |
_aDLC _beng _erda _cDLC _dYDXCP _dBTCTA _dBDX _dOCLCO _dOCLCF _dOCLCQ _dOEM _dIK2 _dOCLCO _dZHB _dILC _dNYP |
||
| 042 |
_apcc _alcac |
||
| 043 | _ae-ur--- | ||
| 049 | _aNYPP | ||
| 082 | _aFIC SED | ||
| 091 | _aFIC | ||
| 100 | 1 |
_aSedgwick, Marcus, _eauthor. |
|
| 245 | 1 | 0 |
_aBlood red snow white / _cMarcus Sedgwick. |
| 264 | 1 |
_aLondon : _bOrion, _c2010 |
|
| 300 |
_a304 pages ; _c20 cm. |
||
| 336 |
_atext _btxt _2rdacontent. |
||
| 337 |
_aunmediated _bn _2rdamedia. |
||
| 338 |
_avolume _bnc _2rdacarrier. |
||
| 500 | _aOriginally published in Great Britain in 2007. | ||
| 500 | _aIncludes timeline, historical notes, and selected writings of Ransome. | ||
| 520 |
_a"A novel based on the life of children's book author Arthur Ransome, who left his home, his wife, and daughter and fell in love with Russia and a Russian woman and was suspected, by both sides, of being a spy"-- _cProvided by publisher. |
||
| 520 | _a1917. In a world engulfed by war, Arthur Ransome left his home, his wife, and daughter to travel to Russia. He fell in love with the country, and with Evgenia, a Russian woman. He is suspected by both sides of being a spy, and they seek to use him for their own purposes. As Arthur attempts to establish autonomy, the decisions he faces are the most dangerous and difficult of his life. | ||
| 600 | 1 | 0 |
_aRansome, Arthur, _d1884-1967 _vJuvenile fiction. |
| 600 | 1 | 1 |
_aRansome, Arthur, _d1884-1967 _vFiction. |
| 650 | 0 |
_aAuthors _vJuvenile fiction. |
|
| 650 | 7 |
_aJUVENILE FICTION _xLove & Romance. |
|
| 650 | 7 |
_aJUVENILE FICTION _xHistorical _xEurope. |
|
| 650 | 7 |
_aJUVENILE FICTION _xAction & Adventure _xGeneral. |
|
| 651 | 1 |
_aSoviet Union _xHistory _yRevolution, 1917-1921 _vFiction. |
|
| 655 | 7 | _aRomance fiction. | |
| 655 | 7 | _aFairy tales. | |
| 856 | 4 | 2 |
_3Cover image _uhttp://www.netread.com/jcusers2/bk1388/478/9781626725478/image/lgcover.9781626725478.jpg |
| 901 | _aMARS | ||
| 901 |
_apjl _bCATBL |
||
| 942 |
_2ddc _cFIC |
||
| 945 | _a.b210831947 | ||
| 946 | _am | ||